Atomic Physics with Heavy Ions /

The book guides the reader to the research frontiers in atomic physics with heavy ions, giving a concise image of the advanced experimental and theoretical methods exemplified by the most recent results. It ranges from accelerator and ion trap technology, over the important and fundamental details i...

Full description

Bibliographic Details
Main Author: Beyer, Heinrich F.
Corporate Author: SpringerLink (Online service)
Other Authors: Shevelko, Viatcheslav P.
Format: eBook
Language:English
Published: Berlin, Heidelberg : Springer Berlin Heidelberg, 1999.
Series:Springer series on atoms + plasmas ; 26.
Subjects:
Online Access:Connect to the full text of this electronic book

MARC

Tag First Indicator Second Indicator Subfields
LEADER 00000cam a2200000Mi 4500
001 in00003577021
006 m o d
007 cr mnu---uuaaa
008 121227s1999 gw o 000 0 eng
005 20260422203953.8
020 |a 9783642585807 (electronic bk.) 
020 |a 3642585809 (electronic bk.) 
020 |z 9783642636561 
020 |z 364263656X 
020 |z 3642585809 
035 |a (OCoLC)851800223 
040 |a AU@  |b eng  |e pn  |c AU@  |d OCLCO  |d GW5XE  |d OCLCQ  |d OCLCF  |d UtOrBLW 
049 |a TXAM 
050 4 |a QC170-197 
050 4 |a QC717.6-718.8 
072 7 |a PHM  |2 bicssc 
072 7 |a SCI074000  |2 bisacsh 
072 7 |a SCI051000  |2 bisacsh 
082 0 4 |a 539  |2 23 
100 1 |a Beyer, Heinrich F. 
245 1 0 |a Atomic Physics with Heavy Ions /  |c edited by Heinrich F. Beyer, Viatcheslav P. Shevelko. 
264 1 |a Berlin, Heidelberg :  |b Springer Berlin Heidelberg,  |c 1999. 
300 |a 1 online resource (xi, 396 pages) 
336 |a text  |b txt  |2 rdacontent 
337 |a computer  |b c  |2 rdamedia 
338 |a online resource  |b cr  |2 rdacarrier 
490 1 |a Springer Series on Atoms+Plasmas,  |x 1615-5653 ;  |v 26 
505 0 |a Experimental Methods -- Fundamental Properties -- Collisional and Radiative Processes. 
520 |a The book guides the reader to the research frontiers in atomic physics with heavy ions, giving a concise image of the advanced experimental and theoretical methods exemplified by the most recent results. It ranges from accelerator and ion trap technology, over the important and fundamental details in the understanding of strongly bound far-electron systems, to radiative and collisional phenomena of these objects. The subfields have been carefully selected; each is covered by leading experts who draw a lively picture of their research. 
500 |a Electronic resource. 
650 0 |a Physics. 
650 7 |a Physics.  |2 fast  |0 (OCoLC)fst01063025 
655 7 |a Electronic books.  |2 local 
700 1 |a Shevelko, Viatcheslav P. 
710 2 |a SpringerLink (Online service) 
776 1 8 |i Print version:  |z 9783642636561 
830 0 |a Springer series on atoms + plasmas ;  |v 26. 
856 4 0 |u http://proxy.library.tamu.edu/login?url=https://link.springer.com/10.1007/978-3-642-58580-7  |z Connect to the full text of this electronic book  |t 0 
994 |a 92  |b TXA 
999 |a MARS 
999 f f |s 2ef1669a-d939-37bb-b1cd-e9bd1deb2985  |i b8e2adb3-3d0b-356c-b801-f953da8fe419  |t 0 
952 f f |a Texas A&M University  |b College Station  |c Electronic Resources  |s www_evans  |d Available Online  |t 0  |e QC717.6-718.8  |h Library of Congress classification 
998 f f |a QC717.6-718.8  |t 0  |l Available Online